00657nam a22001097a 4500040000800000082002700008100004800035245039900083260002600482300002300508856001600531 cRUA aAED MOR 2018 B657 Or.1 aMORNG KOSAL ម៉ង់​ កុសល់ athe study on economic efficiency of chicken production on farm in chambank commune, bati distrit, takeo province ការសិក្សារអំពីភាពសេដ្ឋកិច្ចនៃផលិតកម្មមាន់យកសាច់ជាលក្ខណៈកសិដ្ឋាន​នៅឃុំចំបក់ ស្រុកបាទី ខេត្តតាកែវ aRUAbPhnom penhc2018 axi;48pbill;c29cm uMORNG KOSAL